Statistics for Modern Day U.S. States Not Present During the Civil War

Click here to take the quiz!

General Stats

  • This quiz has been taken 92 times
  • The average score is 14 of 16

Answer Stats

StateDate Admitted% Correct
Alaska1959
95%
Arizona1912
95%
Hawaii1959
95%
North Dakota1889
95%
Washington1889
95%
New Mexico1912
93%
South Dakota1889
93%
Colorado1876
92%
Idaho1890
89%
Montana1889
88%
Nebraska1867
88%
Utah1896
88%
Oklahoma1907
86%
Wyoming1890
86%
Nevada1864
82%
West Virginia1863
58%

Score Distribution

Percentile by Number Answered

Percent of People with Each Score

Your Score History

You have not taken this quiz